000 nam a22 a 4500
999 _c4351
_d4351
003 AKMAL
005 20170529100639.0
008 170529t1999 cc g 001 0 eng d
020 _a0717285669 (hbk.)
040 _aAKMAL
082 0 4 _a658.314 HUN
_222
090 0 0 _a658.314
_bHUN
100 1 _aHunt, Nigel
_98430
245 1 0 _aManaging performance reviews :
_bhow to ensure your appraisals improve individual performance and organisational results /
_c[Nigel Hunt.]
250 _aDeluxe Ed.
260 _aHong Kong :
_bGrolier Intl.Inc.,
_cc1999
300 _a168p. ;
_c24cm.
490 1 _aGrolier business library
504 _aIncludes bibliographical references and index
650 1 0 _aEmployees
_xRating of
_9601
830 0 _aGrolier business library
_98353
942 _2ddc
_cBOOK
950 _lAKMAL